Generating software model from use case specification using multidimensional UML

Saved in:
Bibliographic Details
Main Author: Furucz, Marcel (Author)
Other Authors: Polášek, Ivan (Thesis advisor)
Format: Manuscript Book
Language:Slovak
English
Published: 2019
Subjects:
Online Access:http://is.stuba.sk/zp/portal_zp.pl?podrobnosti=145469
Tags: Add Tag
No Tags, Be the first to tag this record!

MARC

LEADER 00000ntm a22000003a 4500
001 stuzp74953
003 SK-STU
005 20200625153812.9
007 ta
008 150427s2015----xo-----f-mn---000-0-slo-d
040 |a STU  |b slo 
041 0 |a eng 
044 |a xo 
100 1 |a Furucz, Marcel  |u 070200  |k Z4  |4 aut  |U FIIT Fakulta informatiky a informačných technológií  |T FIIT Ústav informatiky, informačných systémov a softvérového inžinierstva  |X 73877  |U I200  |Y 179  |7 73877 
242 0 1 |a Generovanie modelu softvéru zo špecifikácie prípadov použitia pomocou viacrozmerného UML  |y slo 
245 1 0 |a Generating software model from use case specification using multidimensional UML 
260 |c 2019 
650 4 |a softvérová architektúra  |2 slo 
650 4 |a DCI  |2 slo 
650 4 |a 3D UML  |2 slo 
650 4 |a 3D UML  |2 eng 
650 4 |a Lean architecture  |2 eng 
650 4 |a DCI  |2 eng 
700 1 |a Polášek, Ivan  |u 070200  |k Z1  |4 ths  |U FIIT Fakulta informatiky a informačných technológií  |T FIIT Ústav informatiky, informačných systémov a softvérového inžinierstva  |X 1426  |U I200  |Y 179  |7 1426 
856 4 |u http://is.stuba.sk/zp/portal_zp.pl?podrobnosti=145469 
996 |c I*DP96/19  |l II680  |s P  |a 0  |w stuzp74953_0001